Vista normal
Vista MARC
Entrada Corporate Name
Número de registros utilizados en: 3
001 - CONTROL NUMBER
- control field: 44494
003 - CONTROL NUMBER IDENTIFIER
- control field: OSt
005 - DATE AND TIME OF LATEST TRANSACTION
- control field: 20260129164405.0
008 - FIXED-LENGTH DATA ELEMENTS
- fixed length control field: 260129|| aca||aabn | a|a d
040 ## - CATALOGING SOURCE
- Original cataloging agency: OSt
- Transcribing agency: OSt
110 ## - HEADING--CORPORATE NAME
- Corporate name or jurisdiction name as entry element: Alcaldía Mayor de Bogotá, D.C.
- Subordinate unit: Instituto Distrital de las Artes IDARTES
670 ## - SOURCE DATA FOUND
- Source citation: Work cat.: (OSt)31137: Alcaldía Mayor de Bogotá, D.C. Instituto Distrital de las Artes IDARTES, La piedra que rompió la ventana: , 2019